000
00331nam a2200145Ia 4500
008
100122s9999 xx 000 0 und d
082
_b
71392
_a
823
100
_a
KOONTZ DEAN
245
_a
THE HUSBAND
260
_b
HARPER & PAPERBACK
_c
2007
300
_a
451
630
_a
THE HUSBAND
730
_a
THE HUSBAND
942
_c
BOOK
999
_c
382389
_d
382386